Naokolo sú osýpky

Bibliographic Details
Main Author: (mt) (Author)
Format: Article
Language:Slovak
Subjects:

MARC

LEADER 00000nab a2200000 a 4500
001 vtls001024757
003 SK-MaSNL
005 20260305035032.0
008 040720e19971113xo 0 slo
035 |a SL3317 
040 |a SLLK  |b slo  |c SLLK  |e AACR2 
041 0 |a slo 
044 |a xo  |c SK 
080 |a 616.915  |2 1981 
100 0 |a (mt)  |4 aut  |9 873900 
245 1 0 |a Naokolo sú osýpky 
650 0 7 |a osýpky  |2 SLLK  |9 16781 
650 0 7 |a situácia epidemiologická  |2 SLLK  |9 1022674 
650 0 7 |a informácie  |2 SLLK  |9 1285 
651 7 |a Stará Ľubovňa (Slovensko : okres)  |2 SLLK  |9 19196 
655 7 |a periodikum  |2 snkbucl  |9 29553 
773 0 8 |t Ľubovnianske noviny  |g Roč. 23, č.45, 13.11.1997, s. 1 
852 |a ZVYKNI  |b KIS3GCP 
999 |c 3331679  |d 3333609